000 00573nam a22002177a 4500
999 _c21265
_d21265
003 OSt
005 20210525154432.0
008 170126b xxu||||| |||| 00| 0 eng d
020 _a0471200247
040 _aMMU
_beng
_cMMU
_dMMU
050 _aQA76.9.D26K575 2002
100 _aKimball Ralph
245 _aThe data warehouse toolkit/
_cRalph Kimball
250 _a2nd ed.
260 _aNew York:
_bWiley computer pub.,
_c2002.
300 _axxiv,436 p. :
500 _aincludes index
650 _awarehouse
700 _aMargy Ross
942 _2lcc
_cLOAN LOAN
_e2nd ed.